| 000 | 005050000a22001930004500 | ||
|---|---|---|---|
| 001 | 002492 | ||
| 003 | MACL | ||
| 005 | 20151016115404.0 | ||
| 008 | 151016b xxu||||| |||| 00| 0 eng d | ||
| 040 |
_aMACL _cMACL |
||
| 041 | _aEnglish | ||
| 082 | _a920/SHA | ||
| 100 |
_aSharma, S K _915215 |
||
| 245 |
_aRaja Rammohan Roy _bAn Apostle of indian Awakening , vol 3 _cS K Sharma |
||
| 260 |
_aNew Delhi _c2005 _bMittal Publication, |
||
| 350 | _a2100 | ||
| 650 |
_aBiography _915216 |
||
| 942 |
_k920 _cBK _2ddc |
||
| 999 |
_c14403 _d14403 |
||